Ossa sepia

Bibliographic Details
Main Author: -ek- (Author)
Other Authors: Šimeková, Juliana (gup)
Format: Article
Language:Slovak
PhysicalDescription:Obr. 1.
Subjects:

MARC

LEADER 00000nab a2200000 a 4500
001 vtls000186452
003 SK-MaSNL
005 20260303205937.0
008 160202c1984 xo 0 slo
015 |a SNBRB19rr/mm-uuuuu 
035 |a CL0196565 
040 |a SNKBUCL  |b slo  |c SNKBUCL  |e AACR2 
041 0 |a slo 
044 |a xo  |c SK 
080 |a 82:7.097  |2 1981 
080 |a 7.097  |2 1981 
080 |a 894.511  |2 1981 
100 1 |a -ek-  |4 aut  |9 841612 
245 1 0 |a Ossa sepia  |c -ek- ; Juliana Šimeková 
300 |b Obr. 1. 
610 2 7 |a Československá televízia  |2 snkbucl  |9 215938 
650 0 7 |a Mesterházi, Lajos  |2 snkbucl  |9 1007147 
655 7 |a články z novín a časopisov  |2 snkbucl  |9 267496 
655 7 |a články z odboru literárna veda a krásna literatúra  |2 snkbucl  |9 770045 
700 1 |a Šimeková, Juliana  |4 gup  |9 929043 
773 0 |t Televízia  |g Roč. 19, č. 27 (1984), s. 15 
850 |a Slovenská národná knižnica v Martine  |a MTA001 
852 |a SNK  |b KIS3GCP 
958 |a RK 
958 |a HU 
958 |a LX 
992 |a RBX 
999 |c 2197944  |d 2199874